| 000 | nam a22 7a 4500 | ||
|---|---|---|---|
| 999 |
_c233033 _d233033 |
||
| 003 | Nust | ||
| 005 | 20170228102843.0 | ||
| 008 | 170228b xxu||||| |||| 00| 0 eng d | ||
| 040 | _c0 | ||
| 050 | _a363.7 SHA | ||
| 082 | _a363.7 SHA | ||
| 100 | _aFatima Shahid | ||
| 245 |
_aDevelopment Of Pure And Doped Titania (TIO2) Embedded Polyethylene Terephthalate (PET) Film Protector To Disinfect Bacterial Species On Mobile Phones _cFatima Shahid |
||
| 260 |
_aIslamabad _bIESE (SCEE) NUST _c2015. |
||
| 300 |
_a53 p. _bHB. |
||
| 440 | _aMS Environmental Science | ||
| 500 | _aThesis MS ES | ||
| 650 | _aEnvironmental Science | ||
| 700 | _4Dr. Ishtiaq A Qazi (Supervisor) | ||
| 942 |
_2ddc _cTHE _kIESE |
||